STN EN 60745-2-4: 2004 (36 1570) [neplatná], Elektrické ručné náradie. Bezpečnosť Časť 2-4 Osobitné požiadavky na brúsky a leštičky iné ako kotúčové

Táto norma je slovenskou verziou EN 60745-2-4: 2003. Európska norma EN 60745-2-4: 2003 má postavenie slovenskej technickej normy

Bibliographic Details
Corporate Author: PT Servis (Bratislava, Slovensko) (Translator)
Other Authors: Onderko, Jozef (Translator)
Format: Book
Language:Slovak
Czech
English
PhysicalDescription:12 s. 30 cm
Published: Bratislava Slovenský ústav technickej normalizácie 2004
Subjects:

MARC

LEADER 00000nam a2200000 a 4500
001 vtls009833888
003 SK-MaSNL
005 20260301082754.0
008 090726s2004 xo ru 000 slo
035 |a (SVKBBclas03)vtls000298582 
040 |a SNK  |b slo  |c SNK  |e AACR2 
041 1 |a slo  |a cze  |h eng 
044 |a xo  |c SK 
046 |a m  |m 200408 (účin.)  |n 201205 (zruš.) 
072 7 |a 621.924  |x Brúsky a leštičky (na čistenie, ostrenie, úpravu povrchov a pod.)  |2 konspekt 
080 |a 621.924  |2 2001 
080 |a 006.7/.8  |2 2001 
080 |a (437.6)  |2 2001 
080 |a (4)  |2 2001 
084 |a 25.140.20  |2 ICS 
084 |a 25.140.30  |2 ICS 
084 |a 25.080.50  |2 ICS 
130 0 |a STN 36 1550 (STN EN 60745-2-4) [neplatná]  |9 408380 
245 1 0 |a STN EN 60745-2-4: 2004 (36 1570) [neplatná], Elektrické ručné náradie. Bezpečnosť  |n Časť 2-4  |p Osobitné požiadavky na brúsky a leštičky iné ako kotúčové 
246 1 0 |a Bezpečnosť elektrického ručného náradia. Časť 2-4 
246 1 0 |a Osobitné požiadavky na brúsky a leštičky iné ako kotúčové 
246 3 0 |a EN 60745-2-4: 2004 E 
260 |a Bratislava  |b Slovenský ústav technickej normalizácie  |c 2004 
300 |a 12 s.  |c 30 cm 
500 |a Táto norma nahrádza STN EN 50144-2-4 z novembra 2001 a STN EN 50260-2-4 z apríla 2003 v celom rozsahu. STN EN 50144-2-4 z novembra 2001 a STN EN 50260-2-4 z apríla 2003 sa môžu súbežne s touto normou používať do 1. 2. 2006 
500 |a Táto norma nahrádza STN EN 50144-2-4 z júla 1999 
500 |a Spracovateľ: PT SERVIS, Bratislava, Jozef Onderko 
500 |a Norma je nahradená normou STN EN 60745-2-4 z júna 2010 v celom rozsahu 
504 |a Literatúra s. 11 
520 8 |a Táto norma je slovenskou verziou EN 60745-2-4: 2003. Európska norma EN 60745-2-4: 2003 má postavenie slovenskej technickej normy 
650 0 7 |a brúsky  |2 SVKBBPH  |9 59916 
650 0 7 |a leštičky  |2 SVKBBPH  |9 321377 
650 0 7 |a technické normy a štandardy  |z Slovensko  |2 SVKBBPH  |9 79594 
650 0 7 |a technické normy a štandardy  |z krajiny Európskej únie  |2 SVKBBPH  |9 289341 
655 7 |a normy  |2 SVKBBPH  |9 70643 
700 1 |a Onderko, Jozef  |4 trl  |9 303607 
710 2 |a Slovenská spoločnosť pre technickú normalizáciu  |4 stn  |9 36642 
710 2 |a Slovenský ústav technickej normalizácie (Bratislava, Slovensko).  |b Technická komisia č. 10 Elektrické spotrebiče a elektrické ručné náradie  |4 stn  |9 320876 
710 2 |a PT Servis (Bratislava, Slovensko)  |4 trl  |9 321136 
774 1 8 |t STN EN 50144-2-4/Zmena 1: 2004  |d Bratislava : Slovenský ústav technickej normalizácie, 2004  |w vtls000297973 
774 1 8 |a STN EN 50144-2-4: 2001 [neplatná]  |d Bratislava : Slovenský ústav technickej normalizácie, 2001  |w vtls008944227 
774 1 8 |t STN EN 50260-2-4: 2003 [neplatná]  |d Bratislava : Slovenský ústav technickej normalizácie, 2003  |w vtls000228137 
774 1 8 |t STN EN 60745-2-4/A1: 2010  |d Bratislava: Slovenský ústav technickej normalizácie, 2010  |w vtls010041296 
774 1 8 |t STN EN 60745-2-4/A11: 2008  |d Bratislava: Slovenský ústav technickej normalizácie, 2008  |w vtls009828359 
999 |c 659113  |d 661043 
952 |t P60, <03>, [BOOK], {603}  |a SNK  |b SNK  |y PREZ  |7 0  |p 17A0439730  |o snkSTN EN 60745-2-4  |i snkN 3452/2004  |0 0  |1 0  |4 0  |d 2004-08-20  |l 0  |r 2005-01-02 00:00:00  |w 2026-02-23 
952 |t P66, <07>, [BOOK], {667}  |a SNK  |b SNK  |y PREZ  |7 0  |p 17A0439731  |o snkSTN EN 60745-2-4 D1  |i snkN 3453/2004  |0 0  |1 0  |4 0  |d 2004-08-20  |l 0  |r 2005-01-02 00:00:00  |w 2026-02-23